Implementing 802.11, 802.16 and 802.20 wireless networks: planning, troubleshooting, and maintenance (Record no. 8197)
[ view plain ]
| 000 -LEADER | |
|---|---|
| fixed length control field | 00846 a2200205 4500 |
| 020 ## - INTERNATIONAL STANDARD BOOK NUMBER | |
| International Standard Book Number | 0750678089 |
| 040 ## - CATALOGING SOURCE | |
| Original cataloging agency | DLC |
| Language of cataloging | DLC |
| 082 00 - DEWEY DECIMAL CLASSIFICATION NUMBER | |
| Classification number | 621.382/1 |
| 100 1# - MAIN ENTRY--PERSONAL NAME | |
| Personal name | Olexa, Ron. |
| 245 10 - TITLE STATEMENT | |
| Title | Implementing 802.11, 802.16 and 802.20 wireless networks: planning, troubleshooting, and maintenance |
| Remainder of title | planning, troubleshooting, and maintenance |
| Statement of responsibility, etc. | by Ron Olexa. |
| 260 ## - PUBLICATION, DISTRIBUTION, ETC. | |
| Place of publication, distribution, etc. | Amsterdam ; |
| -- | Boston : |
| Name of publisher, distributor, etc. | Newnes, |
| Date of publication, distribution, etc. | 2004. |
| 300 ## - PHYSICAL DESCRIPTION | |
| Extent | xx, 232 p. : |
| Other physical details | ill. ; |
| Dimensions | 24 cm. |
| Accompanying material | + 1 CD-ROM (4 3/4 in.) |
| 440 #0 - SERIES STATEMENT/ADDED ENTRY--TITLE | |
| Title | Communications engineering series |
| 500 ## - GENERAL NOTE | |
| General note | Includes index. |
| 650 #0 - SUBJECT ADDED ENTRY--TOPICAL TERM | |
| Topical term or geographic name entry element | Wireless LANs. |
| 650 #0 - SUBJECT ADDED ENTRY--TOPICAL TERM | |
| Topical term or geographic name entry element | Wireless communication systems. |
| 856 41 - ELECTRONIC LOCATION AND ACCESS | |
| Materials specified | Table of contents |
| Uniform Resource Identifier | <a href="http://www.loc.gov/catdir/toc/els051/2004055193.html">http://www.loc.gov/catdir/toc/els051/2004055193.html</a> |
| 856 41 - ELECTRONIC LOCATION AND ACCESS | |
| Materials specified | Publisher description |
| Uniform Resource Identifier | <a href="http://www.loc.gov/catdir/description/els051/2004055193.html">http://www.loc.gov/catdir/description/els051/2004055193.html</a> |
| 942 ## - ADDED ENTRY ELEMENTS (KOHA) | |
| Koha item type | Book |
| Call number prefix | 621.3821 OLE |
| Source of classification or shelving scheme | |
| Withdrawn status | Lost status | Damaged status | Not for loan | Collection code | Permanent Location | Current Location | Shelving location | Date acquired | Source of acquisition | Cost, normal purchase price | Total Checkouts | Full call number | Barcode | Date last seen | Price effective from | Koha item type |
|---|---|---|---|---|---|---|---|---|---|---|---|---|---|---|---|---|
| Central Library (CL) | Central Library (CL) | General Stacks | 11/28/2005 | A & J Def Tek Concultants | 3202.59 | 621.3821 OLE | SEECS006714 | 11/14/2012 | 01/05/2017 | Book |
